000
00336nam a22001457a 4500
008
231102b ||||| |||| 00| 0 eng d
020
_a
9780792352075
041
_a
eng
080
_a
621
082
_a
621DIE
100
_a
19
101
_a
MEK
245
_a
THE MODAL INTERPRETATION OF QUANTUM MECHANICS
_c
DIEKS .D
942
_2
udc
_c
BK
999
_c
60492
_d
60492